003790000a22001450004500020001500000060000800015082001600023100001400039100001800053245005700071260005200128260000900180300000800189650003600197 a8120410793 a100 a633.083 BAH aBahl, P N aSalimath, P M aGenetics , Cytogenetics and Breeding of crop plants. aNew Delhi, Oxford & IBH publishing co. pvt. ltd c1996 a313 aChickpea/ Pulses and oil seeds.